| 000 | 00932nam a2200193 a 4500 | ||
|---|---|---|---|
| 008 | 120416s1994 ||||||||||||||||| || u | ||
| 020 | _a0074620665 | ||
| 050 | _aHF 5549 Dat | ||
| 100 | _aDatta, Sekhar Kumar | ||
| 245 | 1 | 0 | _aGuide to disciplinary action. |
| 250 | _a3rd ed. | ||
| 260 |
_aNew Delhi: _bTata McGraw-Hill _c1994 |
||
| 350 | _a0.00 | ||
| 650 | 0 | _aMANAGEMENT | |
| 650 | 0 | _aPERSONNEL MANAGEMENT | |
| 995 |
_aMAIN LIBRARY OPEN ACCESS _D0.00 _e732708 _FCBU-MAIN LIBRARY (Kitwe) _H1 _I18.00 _jHF 5549 DAT _M1 _UAVAILABLE _WJun 28, 2006 _y44371 _ZMain Library Open Access Collection |
||
| 995 |
_aANNEX COLLECTION (Main Library) _D0.00 _e732709 _FCBU-MAIN LIBRARY (Kitwe) _H2 _I18.00 _jHF 5549 DAT _M2 _UAVAILABLE _WJun 28, 2006 _y44369 _ZAnnex Low-Usage Collection |
||
| 995 |
_aMAIN LIBRARY OPEN ACCESS _D0.00 _e732710 _FCBU-MAIN LIBRARY (Kitwe) _H3 _I18.00 _jHF 5549 DAT _M3 _UAVAILABLE _WJun 28, 2006 _y44370 _ZMain Library Open Access Collection |
||
| 999 |
_c76045 _d76045 |
||